Survey (Record no. 82150)

MARC details
000 -LEADER
fixed length control field 01199cam a22002055a 4500
001 - CONTROL NUMBER
control field L149349
008 - FIXED-LENGTH DATA ELEMENTS--GENERAL INFORMATION
fixed length control field 100223e2010 xxk 000 0 eng d
035 ## - SYSTEM CONTROL NUMBER
System control number (Sirsi) u149349
041 0# - LANGUAGE CODE
Language code of text/sound track or separate title eng
110 2# - MAIN ENTRY--CORPORATE NAME
Corporate name or jurisdiction name as entry element EuroProperty
9 (RLIN) 1216
245 00 - TITLE STATEMENT
Title Survey
Remainder of title residential
260 ## - PUBLICATION, DISTRIBUTION, ETC.
Date of publication, distribution, etc. 2010
490 ## - SERIES STATEMENT
Series statement EuroProperty
Volume/sequential designation 18 January 2010, 21-25(5)
520 ## - SUMMARY, ETC.
Summary, etc. Low interest rates have lured small-scale investors back into the German residential market and prices are slowly rising. Spain?s housing market will not recover until vendors adjust price downwards as much as 30% to reflect stock surfeit and the ongoing economic slump. UK house prices might slip in 2010 after a strong recovery. Sweden?s residential market where rents are indexed and vacancy rates are low, provides a stable low-risk investment environment although some Swedish banks have posted lending losses in Estonia, Latvia and Lithuania. Finnish residential circles are beginning to attract new international investors.
590 ## - LOCAL NOTE (RLIN)
Local note KA
651 #4 - SUBJECT ADDED ENTRY--GEOGRAPHIC NAME
Geographic name Europe
690 ## - LOCAL SUBJECT ADDED ENTRY--TOPICAL TERM (OCLC, RLIN)
Topical term or geographic name as entry element PROPERTY-RESIDENTIAL PROPERTY-RESIDENTIAL PROPERTY FINANCE AND INVESTMENT
690 ## - LOCAL SUBJECT ADDED ENTRY--TOPICAL TERM (OCLC, RLIN)
Topical term or geographic name as entry element PROPERTY-RESIDENTIAL PROPERTY-RESIDENTIAL PROPERTY MARKET
942 ## - ADDED ENTRY ELEMENTS (KOHA)
Suppress in OPAC 0
Holdings
Withdrawn status Lost status Source of classification or shelving scheme Damaged status Not for loan Home library Current library Shelving location Date acquired Total Checkouts Full call number Barcode Date last seen Copy number Price effective from Koha item type
    Dewey Decimal Classification     London London Journal article 23/02/2010   L149349 149349-1001 06/08/2019 1 06/08/2019 Journal article